Idioms and phrases
| Main Author: | |
|---|---|
| Format: | Book |
| Published: |
New Delhi :
Authorspress ,
2006
|
| Subjects: |
MARC
| LEADER | 00000cam a2200000 7i4500 | ||
|---|---|---|---|
| 001 | 0000019610 | ||
| 005 | 20080618.0 | ||
| 008 | 080618 | ||
| 020 | |a 8172732732 | ||
| 090 | 0 | 0 | |a 428.2 |b GOP |
| 100 | 1 | |a Gopalakrishnan,P.N | |
| 245 | 1 | 0 | |a Idioms and phrases |c P.N Gopalakrishnan |
| 260 | |a New Delhi : |b Authorspress , |c 2006 | ||
| 650 | 0 | |a English language idioms | |
| 650 | 0 | |a English language term and phrases | |
| 999 | |a 0001024402 |b Book |c Adult Collection |e Perbadanan Perpustakaan Awam Johor | ||
| 999 | |a 0001024403 |b Book |c Adult Collection |e Cawangan AEON Kulaijaya | ||